Fr. Conceicao Rodrigues College of Engineering

Management of a Small Scale Industry (Record no. 26104)

MARC details
000 -LEADER
fixed length control field 00338nam a2200157Ia 4500
082 ## - DEWEY DECIMAL CLASSIFICATION NUMBER
Classification number 658.022
Item number DES
100 ## - MAIN ENTRY--PERSONAL NAME
Personal name Desai/ Vasant
250 ## - EDITION STATEMENT
Edition statement 8
245 ## - TITLE STATEMENT
Title Management of a Small Scale Industry
260 ## - PUBLICATION, DISTRIBUTION, ETC.
Name of publisher, distributor, etc. Himalaya pub. House
Date of publication, distribution, etc. 1999
300 ## - PHYSICAL DESCRIPTION
Extent 549
546 ## - LANGUAGE NOTE
Language note ENGLISH
654 ## - SUBJECT ADDED ENTRY--FACETED TOPICAL TERMS
Focus term Management
942 ## - ADDED ENTRY ELEMENTS (KOHA)
Koha item type BOOK
Holdings
Withdrawn status Lost status Damaged status Not for loan Collection Home library Current library Date acquired Total Checkouts Full call number Barcode Date last seen Price effective from Koha item type
        CRC Fr. Agnel's C.Rodrigues College of Engineering Fr. Agnel's C.Rodrigues College of Engineering 17/03/2023   658.022 DES 11334 17/03/2023 17/03/2023 BOOK
        CRC Fr. Agnel's C.Rodrigues College of Engineering Fr. Agnel's C.Rodrigues College of Engineering 17/03/2023   658.022 DES 11335 17/03/2023 17/03/2023 BOOK